000 01604nam0a2200289 i 4500
001 RU\NLR\bibl\1944900
005 20240921140742.0
010 _a9785938020801
_91000
021 _aRU
_b2012-60951
_94462
035 _a(NLR Aleph) 001934141
090 _a3476485
_c3476485
100 _a20120913d2012 u y0rusy50 ca
101 0 _arus
102 _aRU
105 _ay |||||||||
200 1 _aКак подготовить и провести комплексное учение на объекте
_eучебное пособие для подготовки руководящего и командно-начальствующего состава предприятий, организаций, учебно-методических центров заведений, преподавателей БЖ и ОБЖ, учебно-методических центров и курсов ГО, работников органов управления ГОЧС
_f[сост. Ф.Ф. Головченко, А.М. Мельничук]
210 _aМосква
_cВоенные знания
_d2012
215 _a104 с.
_d20
225 1 _aБиблиотечка "Военные знания"
606 1 _aГражданская оборона
_jУчебные издания
_xУчения
_yРоссийская Федерация
_92090455
_3RU\NLR\auth\661265317
686 _aЦ69,6(2Р)0-332.036я7
702 1 _aГоловченко
_bФ. Ф.
_gФридрих Федорович
_4220
801 0 _aRU
_bNLR
_c20120913
_gRCR
801 1 _aRU
_bNLR
_c20120913
942 _cBOOK
980 _aNBR